Housing, individuals and the state (Record no. 97471)

MARC details
000 -LEADER
fixed length control field 00829cam a2200193 4500
008 - FIXED-LENGTH DATA ELEMENTS--GENERAL INFORMATION
fixed length control field 090401t1998 xxu||||| |||| 00| 0 eng d
020 ## - INTERNATIONAL STANDARD BOOK NUMBER
International Standard Book Number 0415170036
035 ## - SYSTEM CONTROL NUMBER
System control number (Sirsi) u89565
041 ## - LANGUAGE CODE
Language code of text/sound track or separate title eng
050 ## - LIBRARY OF CONGRESS CALL NUMBER
Classification number 306.1
-- 18
100 ## - MAIN ENTRY--PERSONAL NAME
Personal name King, P.
245 ## - TITLE STATEMENT
Title Housing, individuals and the state
Remainder of title the morality of government intervention
260 ## - PUBLICATION, DISTRIBUTION, ETC.
Place of publication, distribution, etc. London
Name of publisher, distributor, etc. Routledge
Date of publication, distribution, etc. 1998
300 ## - PHYSICAL DESCRIPTION
Extent xiv, 178p.
Dimensions 24cm.
490 ## - SERIES STATEMENT
Series statement RICS Issues in Real Estate and Housing
520 ## - SUMMARY, ETC.
Summary, etc. This book combines a detailed critique of contemporary housing policy with a philosophical analysis of the role of the state and the capabilities of individuals. Contends that the state is not capable of planning and controlling a sustainable housing policy.
690 ## - LOCAL SUBJECT ADDED ENTRY--TOPICAL TERM (OCLC, RLIN)
Topical term or geographic name as entry element PROPERTY-RESIDENTIAL PROPERTY-RESIDENTIAL PROPERTY MANAGEMENT
942 ## - ADDED ENTRY ELEMENTS (KOHA)
Suppress in OPAC 0
Holdings
Withdrawn status Lost status Source of classification or shelving scheme Damaged status Not for loan Home library Current library Shelving location Date acquired Total Checkouts Full call number Barcode Date last seen Date last checked out Copy number Price effective from Koha item type
    Dewey Decimal Classification     London London Books 18/11/2004 11 306.1 KIN 30069665 06/08/2019 07/10/2008 2 06/08/2019 Book